书目信息 |
| 题名: |
电视节目策划笔记
|
|
| 作者: | 张绍刚 著 | |
| 分册: | ||
| 出版信息: | 北京 新星出版社 2010 |
|
| 页数: | 259页 | |
| 开本: | 23cm | |
| 丛书名: | ||
| 单 册: | ||
| 中图分类: | G222.3 | |
| 科图分类: | ||
| 主题词: | 电视节目--策划 , 电视节目 | |
| 电子资源: | ||
| ISBN: | 978-7-80225-892-1 | |
| 000 | 00926nam0 2200265 450 | |
| 001 | 004714630 | |
| 005 | 20110222143602.37 | |
| 010 | @a978-7-80225-892-1@dCNY36.00 | |
| 035 | @a004714630 | |
| 100 | @a20100728d2010 em y0chiy0110 ea | |
| 101 | 0 | @achi |
| 102 | @aCN@b110000 | |
| 105 | @aa z 000yy | |
| 106 | @ar | |
| 200 | 1 | @a电视节目策划笔记@9dian shi jie mu ce hua bi ji@d= Notes for TV programme planning@f张绍刚著@zeng |
| 210 | @a北京@c新星出版社@d2010 | |
| 215 | @a259页@c照片@d23cm | |
| 330 | @a本书对电视节目策划进行了探究和分析。全书既有对电视节目策划操作规范的研究,也有大量的样本分析,内容方面也涉及娱乐、新闻直播、电视专题等多种节目类型。 | |
| 510 | 1 | @aNotes for TV programme planning@zeng |
| 606 | 0 | @a电视节目@x策划 |
| 606 | 0 | @a电视节目 |
| 690 | @aG222.3@v4 | |
| 701 | 0 | @a张绍刚@9zhang shao gang@f(1972~)@4著 |
| 801 | 0 | @aCN@bNLC@c20110222 |
| 905 | @b207997042-088@h799704-08@dG222.3@e111@f5 | |
| 电视节目策划笔记= Notes for TV programme planning/张绍刚著.-北京:新星出版社,2010 |
| 259页:照片;23cm |
| ISBN 978-7-80225-892-1:CNY36.00 |
| 本书对电视节目策划进行了探究和分析。全书既有对电视节目策划操作规范的研究,也有大量的样本分析,内容方面也涉及娱乐、新闻直播、电视专题等多种节目类型。 |
| ● |
| 相关链接 |
|
|
|
|
正题名:电视节目策划笔记
索取号:G222.3/111
 
预约/预借
| 序号 | 登录号 | 条形码 | 馆藏地/架位号 | 状态 | 备注 |
| 1 | 799704 | 207997042 | 第一样本阅览室/ [索取号:G222.3/111] | 在馆 | |
| 2 | 799705 | 207997051 | 第四借阅区/ [索取号:G222.3/111] | 在馆 | |
| 3 | 799706 | 207997060 | 第四借阅区/ [索取号:G222.3/111] | 在馆 | |
| 4 | 799707 | 207997079 | 第四借阅区/ [索取号:G222.3/111] | 在馆 | |
| 5 | 799708 | 207997088 | 第四借阅区/ [索取号:G222.3/111] | 在馆 |